<?xml version="1.0" encoding="UTF-8"?>
<collection xmlns="http://www.loc.gov/MARC21/slim">
 <record>
  <leader>01841cam a22003732cc4500</leader>
  <controlfield tag="001">1073146677</controlfield>
  <controlfield tag="003">DE-627</controlfield>
  <controlfield tag="005">20260422134644.0</controlfield>
  <controlfield tag="007">tu</controlfield>
  <controlfield tag="008">850101s1965    xx |||||      00| ||eng c</controlfield>
  <datafield tag="035" ind1=" " ind2=" ">
   <subfield code="a">(DE-627)1073146677</subfield>
  </datafield>
  <datafield tag="035" ind1=" " ind2=" ">
   <subfield code="a">(DE-576)003146677</subfield>
  </datafield>
  <datafield tag="035" ind1=" " ind2=" ">
   <subfield code="a">(DE-599)BSZ003146677</subfield>
  </datafield>
  <datafield tag="035" ind1=" " ind2=" ">
   <subfield code="a">(OCoLC)310615546</subfield>
  </datafield>
  <datafield tag="035" ind1=" " ind2=" ">
   <subfield code="a">(OCoLC)310615546</subfield>
  </datafield>
  <datafield tag="040" ind1=" " ind2=" ">
   <subfield code="a">DE-627</subfield>
   <subfield code="b">ger</subfield>
   <subfield code="c">DE-627</subfield>
   <subfield code="e">rakwb</subfield>
  </datafield>
  <datafield tag="041" ind1=" " ind2=" ">
   <subfield code="a">eng</subfield>
  </datafield>
  <datafield tag="084" ind1=" " ind2=" ">
   <subfield code="a">ND 4312</subfield>
   <subfield code="2">rvk</subfield>
   <subfield code="0">(DE-625)rvk/124914:</subfield>
  </datafield>
  <datafield tag="084" ind1=" " ind2=" ">
   <subfield code="a">15.14</subfield>
   <subfield code="2">bkl</subfield>
  </datafield>
  <datafield tag="100" ind1="1" ind2=" ">
   <subfield code="a">Collingwood, Robin G.</subfield>
   <subfield code="d">1889-1943</subfield>
   <subfield code="0">(DE-588)118676636</subfield>
   <subfield code="0">(DE-627)079459978</subfield>
   <subfield code="0">(DE-576)160605962</subfield>
   <subfield code="4">aut</subfield>
  </datafield>
  <datafield tag="245" ind1="1" ind2="4">
   <subfield code="a">The Roman inscriptions of Britain</subfield>
   <subfield code="p">Vol. 1. Inscriptions on stone</subfield>
   <subfield code="n">[Hauptbd.]</subfield>
   <subfield code="c">R. G. Collingwood; R. P. Wright</subfield>
  </datafield>
  <datafield tag="264" ind1=" " ind2="1">
   <subfield code="a">Oxford</subfield>
   <subfield code="b">Clarendon Pr.</subfield>
   <subfield code="c">1965</subfield>
  </datafield>
  <datafield tag="300" ind1=" " ind2=" ">
   <subfield code="a">XXXII, 790, XIX S.</subfield>
   <subfield code="b">Ill.</subfield>
  </datafield>
  <datafield tag="336" ind1=" " ind2=" ">
   <subfield code="a">Text</subfield>
   <subfield code="b">txt</subfield>
   <subfield code="2">rdacontent</subfield>
  </datafield>
  <datafield tag="337" ind1=" " ind2=" ">
   <subfield code="a">ohne Hilfsmittel zu benutzen</subfield>
   <subfield code="b">n</subfield>
   <subfield code="2">rdamedia</subfield>
  </datafield>
  <datafield tag="338" ind1=" " ind2=" ">
   <subfield code="a">Band</subfield>
   <subfield code="b">nc</subfield>
   <subfield code="2">rdacarrier</subfield>
  </datafield>
  <datafield tag="700" ind1="1" ind2=" ">
   <subfield code="a">Wright, Richard P.</subfield>
   <subfield code="d">1908-1992</subfield>
   <subfield code="0">(DE-588)1053303351</subfield>
   <subfield code="0">(DE-627)789762005</subfield>
   <subfield code="0">(DE-576)409045144</subfield>
   <subfield code="4">aut</subfield>
  </datafield>
  <datafield tag="773" ind1="1" ind2="8">
   <subfield code="w">(DE-627)1073146669</subfield>
   <subfield code="w">(DE-576)003146669</subfield>
   <subfield code="g">Vol. 1. Inscriptions on stone ; [Hauptbd.]</subfield>
   <subfield code="q">1,h</subfield>
   <subfield code="7">nnam</subfield>
  </datafield>
  <datafield tag="787" ind1="0" ind2="8">
   <subfield code="i">Rezensiert in</subfield>
   <subfield code="a">Alföldy, Géza, 1935 - 2011</subfield>
   <subfield code="t">[Rezension von: R.G. Collingwood and R.P. Wright, The Roman inscriptions of Britain1]</subfield>
   <subfield code="d">Kevelaer, Rhld. : Verlag Butzon &amp; Bercker, 1966</subfield>
   <subfield code="w">(DE-627)1727418603</subfield>
  </datafield>
  <datafield tag="936" ind1="r" ind2="v">
   <subfield code="a">ND 4312</subfield>
   <subfield code="b">Britannien</subfield>
   <subfield code="k">Geschichte</subfield>
   <subfield code="k">Historische Hilfswissenschaften</subfield>
   <subfield code="k">Epigrafik</subfield>
   <subfield code="k">Lateinische (römische) Inschriften</subfield>
   <subfield code="k">Westeuropa</subfield>
   <subfield code="k">Britannien</subfield>
   <subfield code="0">(DE-627)1271446162</subfield>
   <subfield code="0">(DE-625)rvk/124914:</subfield>
   <subfield code="0">(DE-576)201446162</subfield>
  </datafield>
  <datafield tag="936" ind1="b" ind2="k">
   <subfield code="a">15.14</subfield>
   <subfield code="j">Diplomatik</subfield>
   <subfield code="j">Epigraphik</subfield>
   <subfield code="q">coli-conc RVK-&gt;BK</subfield>
   <subfield code="q">https://coli-conc.gbv.de/api/mappings/6639adca-4262-4dc8-875f-855c34c19e77</subfield>
   <subfield code="0">(DE-627)181569639</subfield>
  </datafield>
  <datafield tag="951" ind1=" " ind2=" ">
   <subfield code="a">MV</subfield>
  </datafield>
  <datafield tag="991" ind1=" " ind2=" ">
   <subfield code="a">Rezensiertes Werk</subfield>
  </datafield>
  <datafield tag="999" ind1=" " ind2=" ">
   <subfield code="a">KXP-PPN1073146677</subfield>
   <subfield code="e">4977281640</subfield>
  </datafield>
 </record>
</collection>
